Good luck charlie characters Quiz Stats

Quiz not verified by Sporcle

Challenge
Share
Tweet
Embed
Score 0/22 Timer 10:00
0 Plays Today
Actor or Actress Characters % Correct
Bridgit MendlerTeddy
98.2%
Jason DolleyPj
95.7%
Mia TalericoCharlie
95.5%
Bradley Steven PerryGabe
93.9%
Eric Allan KramerBob
91.3%
Leigh Allyn BakerAmy
86.5%
Raven GoodwinIvy
80.5%
Shane HarperSpencer
64.4%
Patricia BelcherMrs. Dabney
57.7%
Micah Stephen WilliamsEmmett
41.1%
Haley HolmesAlice
15.4%
Actor or Actress Characters % Correct
Ellia EnglishMary Lou
12.6%
Larry Joe CampellHugo
11.1%
Gilland JonesEmma
10.2%
Diane DelanoMad Dog
6.6%
Stephanie HodgeMs. Covington
5.4%
Darnell SuttlesFrancis
5.4%
Lorna ScootMs. Melish
3.9%
Mike HagertyCaptain Strechy
3.9%
Shishir KurupDr.Singh
3.6%
Adam CagleyGeorge VanBrunt
3.5%
Wendle JosepherMrs. Jeter
3.3%

You're not logged in!

Compare scores with friends on all Sporcle quizzes.
Join for Free
OR
Log In

You Might Also Like...

Show Comments

Extras

Created Jun 6, 2010ReportNominate
Tags:character, charlie, luck

Top Quizzes Today


Score Distribution

Your Account Isn't Verified!

In order to create a playlist on Sporcle, you need to verify the email address you used during registration. Go to your Sporcle Settings to finish the process.

Report this User

Report this user for behavior that violates our Community Guidelines.

Details: